[Event "CXU Obro Nytaar 2012"]
[Site "Copenhagen"]
[Date "2012.12.28"]
[Round "3"]
[White "Hector, Jonny"]
[Black "Koskela, Niina"]
[Result "1-0"]
[WhiteElo "2539"]
[BlackElo "2211"]
[PlyCount "65"]
[EventDate "2012.??.??"]
[EventType "swiss"]
[EventRounds "7"]

1. e4 e5 2. Nf3 Nc6 3. Bc4 Bc5 4. c3 Nf6 5. d4 exd4 6. cxd4 Bb4+ 7. Nbd2 Nxe4
8. d5 Ne7 9. O-O Nxd2 10. Bxd2 Bxd2 11. d6 cxd6 12. Qxd2 d5 13. Bxd5 O-O 14.
Bb3 d5 15. Rfe1 Bg4 16. Qb4 Be6 17. Qxb7 Qd6 18. Rac1 a5 19. Qb5 g6 20. Qe2 a4
21. Bc2 Rfb8 22. Bd3 Qf4 23. Ne5 Rb7 24. Rc2 Rab8 25. Rd1 Nf5 26. g3 Qh6 27.
Nc6 Rf8 28. Bb5 Ra8 29. a3 Qh3 30. Bd3 d4 31. Rc5 Ne3 32. fxe3 Bg4 33. Qf1 1-0

[Event "CXU Obro Nytaar 2012"]
[Site "Copenhagen"]
[Date "2012.12.28"]
[Round "3"]
[White "Stojanovski, Sandi"]
[Black "Ochsner, Bjorn Moller"]
[Result "0-1"]
[WhiteElo "2217"]
[BlackElo "2307"]
[PlyCount "82"]
[EventDate "2012.??.??"]
[EventType "swiss"]
[EventRounds "7"]

1. d4 Nf6 2. c4 e6 3. Nc3 Bb4 4. e3 c5 5. Bd3 O-O 6. Nf3 d5 7. O-O Nc6 8. a3
Bxc3 9. bxc3 Qc7 10. h3 dxc4 11. Bxc4 e5 12. Qe2 cxd4 13. cxd4 Re8 14. Bb2 e4
15. Ng5 Nd8 16. f3 exf3 17. Nxf3 Ne4 18. Rfc1 Qg3 19. Qe1 Qxe1+ 20. Rxe1 Bf5
21. d5 Nd6 22. Bb3 b6 23. Rac1 N8b7 24. Ba4 b5 25. Bc2 Bxc2 26. Rxc2 Na5 27.
Nd2 Nac4 28. Nxc4 Nxc4 29. e4 f5 30. e5 Rad8 31. Rxc4 bxc4 32. Rd1 Rd7 33. Kf2
Red8 34. d6 Kf7 35. Ke3 Rb8 36. Bc3 Ke6 37. Kd4 Rdb7 38. Kxc4 Rc8+ 39. Kd4 Rb5
40. Rd3 Rxe5 41. Bb4 Re4# 0-1

[Event "CXU Obro Nytaar 2012"]
[Site "Copenhagen"]
[Date "2012.12.28"]
[Round "3"]
[White "Olsen, Peter Erik"]
[Black "Brinck Claussen, Bjorn"]
[Result "1/2-1/2"]
[WhiteElo "2121"]
[BlackElo "2233"]
[PlyCount "43"]
[EventDate "2012.??.??"]
[EventType "swiss"]
[EventRounds "7"]

1. d4 Nf6 2. c4 e6 3. Nc3 Bb4 4. Qc2 c5 5. dxc5 O-O 6. Nf3 Na6 7. a3 Bxc3+ 8.
Qxc3 Nxc5 9. e3 b6 10. Be2 Bb7 11. O-O Rc8 12. b3 d5 13. Bb2 Ba6 14. Rfd1 Qe7
15. Qb4 Nfe4 16. Rac1 dxc4 17. Bxc4 Bb7 18. Be5 Rfd8 19. Qe1 Ng5 20. Nxg5 Qxg5
21. Bg3 Ne4 22. Rxd8+ 1/2-1/2

[Event "CXU Obro Nytaar 2012"]
[Site "Copenhagen"]
[Date "2012.12.28"]
[Round "3"]
[White "Haubro, Martin"]
[Black "Christensen, Bo Garner"]
[Result "0-1"]
[WhiteElo "2161"]
[BlackElo "2240"]
[PlyCount "64"]
[EventDate "2012.??.??"]
[EventType "swiss"]
[EventRounds "7"]

1. e4 b6 2. Nc3 Bb7 3. d4 g6 4. Be3 Bg7 5. g3 f5 6. f3 fxe4 7. fxe4 Nf6 8. Bg2
O-O 9. Qe2 Ba6 10. Qd1 h5 11. h3 h4 12. Nge2 Nh5 13. g4 Ng3 14. Nxg3 hxg3 15.
e5 Nc6 16. Qd2 Na5 17. O-O-O Nc4 18. Bd5+ e6 19. Bxc4 Bxc4 20. h4 Rf3 21. h5 d5
22. hxg6 Qe8 23. Bh6 Qxg6 24. Bxg7 Kxg7 25. Rh5 Rf2 26. Rg5 Rxd2 27. Rxg6+ Kxg6
28. Kxd2 Kg5 29. Rg1 Kxg4 30. Nd1 Rh8 31. b3 Rh2+ 32. Ke3 Re2# 0-1

[Event "CXU Obro Nytaar 2012"]
[Site "Copenhagen"]
[Date "2012.12.28"]
[Round "3"]
[White "Hansen, Mads"]
[Black "Brondum, Eric"]
[Result "1/2-1/2"]
[WhiteElo "2328"]
[BlackElo "2089"]
[PlyCount "63"]
[EventDate "2012.??.??"]
[EventType "swiss"]
[EventRounds "7"]

1. c4 Nf6 2. g3 e5 3. Bg2 Nc6 4. Nc3 Bb4 5. Nd5 Bc5 6. e3 d6 7. Ne2 O-O 8. O-O
Nxd5 9. cxd5 Ne7 10. d4 exd4 11. Nxd4 Nf5 12. Nc2 Re8 13. b4 Bb6 14. Bb2 a5 15.
a3 Qg5 16. Qd3 Bd7 17. e4 Nh6 18. Nd4 axb4 19. axb4 Rxa1 20. Bxa1 Ng4 21. h3
Ne5 22. Qe2 Qh6 23. Nf5 Bxf5 24. exf5 Qg5 25. Kh2 Qd8 26. Qh5 Nd7 27. Bf3 h6
28. Bd1 Qg5 29. Qf3 Ra8 30. h4 Qe7 31. Qc3 Qf6 32. Qxf6 1/2-1/2

[Event "CXU Obro Nytaar 2012"]
[Site "Copenhagen"]
[Date "2012.12.28"]
[Round "3"]
[White "Andreasen, Per Naesby"]
[Black "Skjoldager, Per"]
[Result "1-0"]
[WhiteElo "2280"]
[BlackElo "2111"]
[PlyCount "81"]
[EventDate "2012.??.??"]
[EventType "swiss"]
[EventRounds "7"]

1. Nf3 Nf6 2. d4 e6 3. c4 b6 4. g3 Bb7 5. Bg2 Be7 6. O-O O-O 7. Nc3 d5 8. Ne5
c6 9. Qa4 Nbd7 10. Bf4 Nxe5 11. Bxe5 Bd6 12. Bxd6 Qxd6 13. Rfd1 Rfd8 14. Rac1
dxc4 15. Qxc4 Rac8 16. Qa4 Qb8 17. b4 h6 18. Ne4 Nd5 19. e3 Qa8 20. Qb3 Rd7 21.
Rc2 Rcd8 22. Rdc1 Nxb4 23. Qxb4 c5 24. Nxc5 bxc5 25. Bxb7 cxb4 26. Bxa8 Rxa8
27. Rc8+ Rxc8 28. Rxc8+ Kh7 29. Kf1 a5 30. Ra8 Rd5 31. Ke2 Rb5 32. e4 Kg6 33.
f4 Kh5 34. Kd3 b3 35. axb3 Rxb3+ 36. Kc4 Ra3 37. d5 exd5+ 38. exd5 Ra2 39. d6
Rc2+ 40. Kd3 Rc8 41. Rxc8 1-0

[Event "CXU Obro Nytaar 2012"]
[Site "Copenhagen"]
[Date "2012.12.28"]
[Round "3"]
[White "Rosenkilde, Alexander"]
[Black "Thestrup, Sixten"]
[Result "1/2-1/2"]
[WhiteElo "2246"]
[BlackElo "2104"]
[PlyCount "133"]
[EventDate "2012.??.??"]
[EventType "swiss"]
[EventRounds "7"]

1. d4 d6 2. Nf3 Bg4 3. c4 Bxf3 4. exf3 g6 5. Nc3 Bg7 6. Be3 Nd7 7. Qd2 e6 8.
Be2 Ne7 9. g4 d5 10. cxd5 Nxd5 11. Nxd5 exd5 12. O-O-O Nf8 13. Qb4 Ne6 14. f4
Qe7 15. Qxe7+ Kxe7 16. f5 Nd8 17. Bf3 c6 18. Rhe1 Kd7 19. Bg5 f6 20. Bf4 g5 21.
Bg3 Re8 22. Rxe8 Kxe8 23. Re1+ Kd7 24. Kc2 Nf7 25. b4 Re8 26. Rxe8 Kxe8 27. b5
Bf8 28. Bb8 Bd6 29. Bxa7 Bxh2 30. bxc6 bxc6 31. Be2 Kd8 32. a4 Bc7 33. Kb3 Nd6
34. f3 Nc8 35. Bc5 Bd6 36. Kb4 Kc7 37. a5 Na7 38. Ba6 h6 39. Be2 Nc8 40. Bd3
Bxc5+ 41. Kxc5 Nd6 42. Kb4 Nc8 43. Bc2 Kd6 44. Bd1 Kc7 45. Kc5 Nd6 46. Ba4 Nb7+
47. Kb4 Nd6 48. a6 Nc8 49. Kc5 Na7 50. Bb3 Nc8 51. Bd1 Nb6 52. a7 Nd7+ 53. Kb4
Kb7 54. Ba4 Nb6 55. a8=Q+ Nxa8 56. Kc5 Kc7 57. Bxc6 Nb6 58. Bxd5 Nd7+ 59. Kb4
Kd6 60. Be4 Nb6 61. Kc3 Na4+ 62. Kb3 Nb6 63. Kb4 Nc8 64. Kb5 Na7+ 65. Kb6 Nc8+
66. Kb7 Ne7 67. Kb6 1/2-1/2

[Event "CXU Obro Nytaar 2012"]
[Site "Copenhagen"]
[Date "2012.12.28"]
[Round "3"]
[White "Nohr, Finn"]
[Black "Rostgaard, Tobias Valentin"]
[Result "0-1"]
[WhiteElo "2087"]
[BlackElo "2223"]
[PlyCount "68"]
[EventDate "2012.??.??"]
[EventType "swiss"]
[EventRounds "7"]

1. e4 c5 2. c3 Nf6 3. e5 Nd5 4. Nf3 Nc6 5. Bc4 Nb6 6. Bb3 c4 7. Bc2 d6 8. exd6
Qxd6 9. O-O Bg4 10. h3 Bh5 11. b3 Ne5 12. g4 Bg6 13. Nxe5 Qxe5 14. Na3 Bxc2 15.
Nxc2 h5 16. f4 Qc5+ 17. Kg2 hxg4 18. hxg4 Qc6+ 19. Qf3 Nd5 20. d4 cxd3 21. Nd4
Qd7 22. f5 O-O-O 23. Qxd3 e5 24. fxe6 fxe6 25. Qe4 e5 26. Qxe5 Qxg4+ 27. Qg3
Qxg3+ 28. Kxg3 Bd6+ 29. Kg4 Nf6+ 30. Kf5 g6+ 31. Kxg6 Nd5 32. Nf5 Rhg8+ 33. Kf7
Rgf8+ 34. Ke6 Nc7# 0-1

[Event "CXU Obro Nytaar 2012"]
[Site "Copenhagen"]
[Date "2012.12.28"]
[Round "3"]
[White "Andersen, Rune Egede"]
[Black "Porte, Henrik"]
[Result "1-0"]
[WhiteElo "2005"]
[BlackElo "2156"]
[PlyCount "80"]
[EventDate "2012.??.??"]
[EventType "swiss"]
[EventRounds "7"]

1. e4 c6 2. c4 d5 3. cxd5 cxd5 4. exd5 Nf6 5. Nc3 Nxd5 6. Nf3 e6 7. d4 Be7 8.
Bd3 O-O 9. O-O Bf6 10. Ne4 Nd7 11. Re1 Be7 12. Qe2 b6 13. a3 Bb7 14. Neg5 N7f6
15. Ne5 Rc8 16. Bd2 Bd6 17. Rad1 Rc7 18. Bb1 h6 19. Nh3 Re8 20. Qd3 Bf8 21. g4
Ne7 22. Nf4 g6 23. h4 Nfd5 24. Nh3 f6 25. Nf3 Nc6 26. g5 hxg5 27. hxg5 f5 28.
Ba2 Rh7 29. Nf4 Nxf4 30. Bxf4 Nxd4 31. Nh2 Bg7 32. Qg3 Ne2+ 33. Kf1 Nxg3+ 34.
Bxg3 Bd5 35. Rxe6 Rxe6 36. Rxd5 Qe8 37. Rd6 Kf7 38. Nf3 Bf8 39. Ne5+ Kg7 40.
Rxe6 Qb5+ 1-0

[Event "CXU Obro Nytaar 2012"]
[Site "Copenhagen"]
[Date "2012.12.28"]
[Round "3"]
[White "Haubro, Sigfred"]
[Black "Hansen, Rasmus Agertoft"]
[Result "1-0"]
[WhiteElo "2098"]
[BlackElo "1982"]
[PlyCount "63"]
[EventDate "2012.??.??"]
[EventType "swiss"]
[EventRounds "7"]

1. Nf3 d6 2. d4 f5 3. c4 Nf6 4. Nc3 g6 5. g3 Bg7 6. Bg2 O-O 7. O-O Nc6 8. Rb1
Ne4 9. e3 Nxc3 10. bxc3 e5 11. Ba3 e4 12. Nd2 Rf6 13. Qc2 Bh6 14. Rbe1 Qe8 15.
Kh1 g5 16. f3 exf3 17. Bxf3 Ne7 18. e4 Bf8 19. e5 Rh6 20. exd6 cxd6 21. Re2 Qg6
22. c5 Nc6 23. Nc4 dxc5 24. d5 g4 25. Bg2 b5 26. dxc6 bxc4 27. c7 Bd6 28. Bxa8
Bxg3 29. Bd5+ Kh8 30. Bxc5 Bh4 31. Bd4+ Bf6 32. Bxf6+ 1-0

[Event "CXU Obro Nytaar 2012"]
[Site "Copenhagen"]
[Date "2012.12.28"]
[Round "3"]
[White "Kirknel, Thomas"]
[Black "Zachariassen, Bjarne"]
[Result "1-0"]
[WhiteElo "2125"]
[BlackElo "1956"]
[PlyCount "104"]
[EventDate "2012.??.??"]
[EventType "swiss"]
[EventRounds "7"]

1. e4 c5 2. Nf3 Nc6 3. d4 cxd4 4. Nxd4 e5 5. Nb5 a6 6. Nd6+ Bxd6 7. Qxd6 Qf6 8.
Qd1 Qg6 9. Nc3 Nge7 10. Be3 d5 11. exd5 Nb4 12. Bd3 Nxd3+ 13. Qxd3 Qxd3 14.
cxd3 b5 15. d6 Nf5 16. Bc5 Bb7 17. O-O Rc8 18. b4 Nxd6 19. Rfe1 Kd7 20. Rxe5
Rhe8 21. Rae1 f6 22. R5e2 Rxe2 23. Rxe2 Re8 24. Bxd6 Rxe2 25. Nxe2 Kxd6 26. f4
g5 27. Kf2 Kd5 28. Ke3 Ke6 29. Nd4+ Kd5 30. Nb3 Bc8 31. g3 Bf5 32. a3 gxf4+ 33.
gxf4 Bc8 34. Nc5 f5 35. Nb3 Bd7 36. Nd4 Bc8 37. Ne2 Be6 38. Nc3+ Kd6 39. Kd4
Bb3 40. Ne2 Be6 41. Ng3 Bd7 42. Nh5 Be8 43. Nf6 Bg6 44. h4 Ke6 45. Nd5 Kd6 46.
Ne3 h6 47. Kc3 Ke6 48. Nc2 Kd5 49. Nd4 Kd6 50. Nb3 Kc6 51. Kd4 Be8 52. Ke5 Bd7
1-0

[Event "CXU Obro Nytaar 2012"]
[Site "Copenhagen"]
[Date "2012.12.28"]
[Round "3"]
[White "Taylor, Graham Christopher"]
[Black "Nilssen, John Arni"]
[Result "0-1"]
[WhiteElo "1914"]
[BlackElo "2363"]
[PlyCount "106"]
[EventDate "2012.??.??"]
[EventType "swiss"]
[EventRounds "7"]

1. c4 Nf6 2. Nc3 g6 3. g3 Bg7 4. Bg2 O-O 5. Nf3 d5 6. cxd5 Nxd5 7. O-O c5 8.
Nxd5 Qxd5 9. d3 Qd6 10. Bf4 e5 11. Be3 Na6 12. Nd2 Qe7 13. a3 Be6 14. Qa4 Rab8
15. Rac1 Rfc8 16. Ne4 Rc7 17. b4 cxb4 18. Rxc7 Nxc7 19. axb4 a6 20. Bc5 Qe8 21.
Qxe8+ Nxe8 22. Nd6 Nxd6 23. Bxd6 Rd8 24. Bc5 Rd7 25. Rb1 Bd5 26. Bf1 Bc6 27.
Rc1 f5 28. e3 Bf6 29. f4 Kg7 30. fxe5 Bxe5 31. d4 Bf6 32. b5 axb5 33. Rb1 Rd8
34. Bxb5 Be4 35. Ra1 Kh6 36. Ra3 Rc8 37. Ra2 Bd5 38. Ra3 Bd8 39. Bf8+ Kg5 40.
h4+ Kf6 41. Bd6 Rc1+ 42. Kf2 Ke6 43. Bf4 Rc2+ 44. Ke1 Rb2 45. Bd3 Be7 46. Ra1
Bb4+ 47. Kf1 Rh2 48. Rb1 Ba5 49. Kg1 Rh1+ 50. Kf2 Rxb1 51. Bxb1 b5 52. g4 b4
53. h5 b3 0-1

[Event "CXU Obro Nytaar 2012"]
[Site "Copenhagen"]
[Date "2012.12.28"]
[Round "3"]
[White "Kokholm, Daniel"]
[Black "Nielsen, Klaus"]
[Result "1-0"]
[WhiteElo "1901"]
[BlackElo "2095"]
[PlyCount "75"]
[EventDate "2012.??.??"]
[EventType "swiss"]
[EventRounds "7"]

1. e4 d5 2. d4 dxe4 3. Nc3 Nf6 4. f3 exf3 5. Nxf3 c6 6. Bc4 Bf5 7. O-O e6 8.
Qe2 Be7 9. h3 Nbd7 10. g4 Bg6 11. Bf4 Nb6 12. Bb3 Nbd5 13. Bh2 O-O 14. Ne5 Nxc3
15. bxc3 Nd5 16. Rf3 Bg5 17. Nxg6 hxg6 18. Rd1 Qe7 19. c4 Nb6 20. c5 Nd5 21. c4
Nf6 22. Bd6 Qd7 23. Bxf8 Rxf8 24. Qe1 Ne8 25. h4 Bf6 26. d5 exd5 27. g5 Be7 28.
cxd5 Bxc5+ 29. Kg2 Nd6 30. dxc6 Qxc6 31. Bd5 Qa4 32. Bb3 Qg4+ 33. Qg3 Qb4 34.
Qf4 Qb6 35. h5 Nf5 36. hxg6 Ne3+ 37. Rxe3 Bxe3 38. Bxf7+ 1-0

[Event "CXU Obro Nytaar 2012"]
[Site "Copenhagen"]
[Date "2012.12.28"]
[Round "3"]
[White "Pedersen, Thomas Vils"]
[Black "Moller, Arne Vagn"]
[Result "1-0"]
[WhiteElo "2021"]
[BlackElo "1782"]
[PlyCount "93"]
[EventDate "2012.??.??"]
[EventType "swiss"]
[EventRounds "7"]

1. d4 Nf6 2. Nf3 e6 3. g3 c5 4. Bg2 Nc6 5. O-O d5 6. c4 Qb6 7. dxc5 Qxc5 8.
cxd5 Nxd5 9. e4 Ndb4 10. Nc3 Na6 11. Be3 Qh5 12. Rc1 Be7 13. a3 Nc7 14. Bf4 e5
15. Nxe5 Qxd1 16. Rfxd1 Nxe5 17. Bxe5 Ne6 18. Nd5 f6 19. Bf4 Kf7 20. Be3 Rd8
21. Bf1 b5 22. f4 a6 23. f5 Nf8 24. Nb6 Rxd1 25. Rxd1 Rb8 26. Rc1 Bb7 27. Rc7
Ke8 28. Nd5 Bxd5 29. exd5 Rd8 30. Bg2 Nd7 31. Rc6 Nb8 32. Rb6 Kd7 33. Rb7+ Ke8
34. Bf4 Bc5+ 35. Kf1 Nd7 36. d6 Bd4 37. Bc6 Bxb2 38. a4 b4 39. Ke2 a5 40. Kd3
Bc3 41. Ke4 b3 42. Rxb3 Bb4 43. Kd5 Rc8 44. Re3+ Kd8 45. Bxd7 Kxd7 46. Re7+ Kd8
47. Be3 1-0

[Event "CXU Obro Nytaar 2012"]
[Site "Copenhagen"]
[Date "2012.12.29"]
[Round "4"]
[White "Christensen, Bo Garner"]
[Black "Hector, Jonny"]
[Result "0-1"]
[WhiteElo "2240"]
[BlackElo "2539"]
[PlyCount "104"]
[EventDate "2012.??.??"]
[EventType "swiss"]
[EventRounds "7"]

1. e4 e5 2. Nf3 Nc6 3. Nc3 Nf6 4. Bb5 Nd4 5. Ba4 Bc5 6. O-O O-O 7. d3 d6 8.
Nxd4 Bxd4 9. Ne2 Bb6 10. h3 Nh5 11. Kh2 Qh4 12. Ng1 g6 13. Nf3 Qe7 14. Bh6 Ng7
15. Bb3 Be6 16. g4 Rfe8 17. Qd2 Rad8 18. c4 c6 19. Rae1 a6 20. Kg3 Ba7 21. Ng5
Bd4 22. h4 f6 23. Nf3 Bc5 24. h5 d5 25. cxd5 cxd5 26. hxg6 hxg6 27. Qc2 Bb4 28.
Rd1 Rc8 29. Qb1 d4 30. Bxe6+ Qxe6 31. a3 Bf8 32. Bd2 Qb3 33. Rc1 Ne6 34. Rxc8
Rxc8 35. Rc1 Rxc1 36. Bxc1 Nc5 37. g5 Qxd3 38. Qa2+ Qb3 39. Qb1 f5 40. Kg2 fxe4
41. Nxe5 Bd6 42. Bf4 Qe6 43. b4 Bxe5 44. Bxe5 Qxe5 45. bxc5 Qxg5+ 46. Kf1 Qd5
47. Qb6 Kf7 48. Qc7+ Kf6 49. Qf4+ Ke6 50. Qf8 Kd7 51. a4 g5 52. Ke1 e3 0-1

[Event "CXU Obro Nytaar 2012"]
[Site "Copenhagen"]
[Date "2012.12.29"]
[Round "4"]
[White "Ochsner, Bjorn Moller"]
[Black "Thuesen, Mogens Henrik"]
[Result "1/2-1/2"]
[WhiteElo "2307"]
[BlackElo "2215"]
[PlyCount "98"]
[EventDate "2012.??.??"]
[EventType "swiss"]
[EventRounds "7"]

1. e4 e6 2. d4 d5 3. Nc3 Nf6 4. e5 Nfd7 5. f4 c5 6. Nf3 Nc6 7. Be3 a6 8. Qd2 b5
9. a3 Qc7 10. Ne2 Bb7 11. Ng3 Rc8 12. Rc1 g6 13. Bd3 Na5 14. O-O c4 15. b4 cxd3
16. bxa5 Bxa3 17. Ra1 b4 18. cxd3 Qc2 19. Rfb1 O-O 20. Ne1 Qxd2 21. Bxd2 Bc6
22. Bxb4 Bxb4 23. Rxb4 Bb5 24. Kf2 Rc7 25. Ke3 Rfc8 26. Ne2 Nb8 27. Rb2 h5 28.
Kd2 Nc6 29. Nc2 Kg7 30. Na3 Rb8 31. Nb1 Rcb7 32. Nbc3 Ne7 33. g3 Bd7 34. Rxb7
Rxb7 35. Ra2 Bb5 36. Nc1 Nc6 37. Nb3 Rb8 38. Ra3 h4 39. g4 h3 40. Ne2 Ba4 41.
Nec1 Bxb3 42. Nxb3 g5 43. fxg5 Kg6 44. Kc3 Kxg5 45. Ra1 Kxg4 46. Rg1+ Kh4 47.
Rg7 Rc8 48. Kd2 Rb8 49. Kc3 Rc8 1/2-1/2

[Event "CXU Obro Nytaar 2012"]
[Site "Copenhagen"]
[Date "2012.12.29"]
[Round "4"]
[White "Brinck Claussen, Bjorn"]
[Black "Haubro, Sigfred"]
[Result "1/2-1/2"]
[WhiteElo "2233"]
[BlackElo "2098"]
[PlyCount "55"]
[EventDate "2012.??.??"]
[EventType "swiss"]
[EventRounds "7"]

1. e4 g6 2. d4 Bg7 3. Nc3 c6 4. Bc4 b5 5. Bb3 a5 6. a3 e6 7. Nf3 d5 8. O-O Ne7
9. Re1 O-O 10. Bg5 Ra7 11. Qd2 Ba6 12. e5 Nd7 13. Nd1 a4 14. Ba2 c5 15. c3 cxd4
16. cxd4 Nb6 17. Qf4 Nc4 18. Rc1 Qb8 19. Rc3 b4 20. axb4 Qxb4 21. Bxc4 dxc4 22.
Ne3 Nd5 23. Nxd5 exd5 24. Bf6 Bc8 25. Bxg7 Kxg7 26. Qf6+ Kg8 27. Qh4 Kg7 28.
Qf6+ 1/2-1/2

[Event "CXU Obro Nytaar 2012"]
[Site "Copenhagen"]
[Date "2012.12.29"]
[Round "4"]
[White "Andersen, Rune Egede"]
[Black "Olsen, Peter Erik"]
[Result "0-1"]
[WhiteElo "2005"]
[BlackElo "2121"]
[PlyCount "62"]
[EventDate "2012.??.??"]
[EventType "swiss"]
[EventRounds "7"]

1. e4 d5 2. exd5 Qxd5 3. Nf3 Bg4 4. Be2 Nc6 5. d4 O-O-O 6. c4 Qa5+ 7. Bd2 Qf5
8. Be3 Bxf3 9. Bxf3 Nxd4 10. Bxd4 Qe6+ 11. Be2 Qe4 12. Qa4 Qxd4 13. O-O e6 14.
Nc3 Bd6 15. g3 Kb8 16. Rfd1 Qb6 17. b4 Qc6 18. b5 Qb6 19. Qb3 Nf6 20. Na4 Qa5
21. c5 Be7 22. Nb2 Bxc5 23. Rdc1 Qb4 24. Rxc5 Qxc5 25. Bf3 Rd2 26. Rf1 Qc2 27.
Qxc2 Rxc2 28. Nd3 Rxa2 29. Ne5 Rb2 30. Nxf7 Rf8 31. Ne5 Rxb5 0-1

[Event "CXU Obro Nytaar 2012"]
[Site "Copenhagen"]
[Date "2012.12.29"]
[Round "4"]
[White "Nilssen, John Arni"]
[Black "Ulrich, Thomas"]
[Result "1-0"]
[WhiteElo "2363"]
[BlackElo "2041"]
[PlyCount "69"]
[EventDate "2012.??.??"]
[EventType "swiss"]
[EventRounds "7"]

1. d4 e6 2. c4 Nf6 3. Nc3 Bb4 4. Qc2 O-O 5. a3 Bxc3+ 6. Qxc3 d5 7. Nf3 dxc4 8.
Qxc4 b6 9. Bf4 Nd5 10. Bg3 Ba6 11. Qc2 c5 12. e4 Bxf1 13. Rxf1 Nf6 14. O-O-O
cxd4 15. Rxd4 Nbd7 16. Bc7 Qc8 17. Kb1 Qb7 18. Rfd1 Nc5 19. Bd6 Rfc8 20. e5
Ncd7 21. Qd3 Nd5 22. Ng5 Nf8 23. Bxf8 Kxf8 24. Qxh7 Qc6 25. Qd3 b5 26. Ne4 Rc7
27. Nd6 Rb8 28. Rh4 Ke7 29. Rh7 Nf4 30. Qd2 Rf8 31. Rxg7 b4 32. axb4 Ng6 33.
Nf5+ exf5 34. Qg5+ Ke8 35. Rd8# 1-0

[Event "CXU Obro Nytaar 2012"]
[Site "Copenhagen"]
[Date "2012.12.29"]
[Round "4"]
[White "Wilbrandt, Simon Pil"]
[Black "Hansen, Mads"]
[Result "0-1"]
[WhiteElo "2035"]
[BlackElo "2328"]
[PlyCount "68"]
[EventDate "2012.??.??"]
[EventType "swiss"]
[EventRounds "7"]

1. d4 Nf6 2. c4 e6 3. Nc3 Bb4 4. f3 c5 5. d5 O-O 6. e4 b5 7. e5 Ne8 8. f4 exd5
9. cxd5 d6 10. Nf3 Bg4 11. Bd3 c4 12. Bc2 Nd7 13. h3 Bxf3 14. Qxf3 dxe5 15. O-O
Nd6 16. Qg3 Bxc3 17. bxc3 e4 18. f5 Nf6 19. Ba3 Qb6+ 20. Kh1 Rad8 21. Rae1 Rfe8
22. Bc1 Re7 23. Be3 Qb7 24. Bd4 Nde8 25. Qh4 Qxd5 26. Rf4 Qd6 27. Re3 b4 28.
Rg3 Nh5 29. Rxg7+ Nexg7 30. Rg4 f6 31. Qxh5 e3 32. Bd1 bxc3 33. Qh6 Qxd4 34.
Rxd4 Rxd4 0-1

[Event "CXU Obro Nytaar 2012"]
[Site "Copenhagen"]
[Date "2012.12.29"]
[Round "4"]
[White "Stolberg Rohr, Thomine"]
[Black "Stojanovski, Sandi"]
[Result "0-1"]
[WhiteElo "2029"]
[BlackElo "2217"]
[PlyCount "52"]
[EventDate "2012.??.??"]
[EventType "swiss"]
[EventRounds "7"]

1. e4 c5 2. Nc3 Nc6 3. f4 e6 4. Nf3 d5 5. Bb5 Nge7 6. exd5 exd5 7. Qe2 f6 8.
Bxc6+ bxc6 9. b3 Kf7 10. O-O Nf5 11. d3 Bd6 12. Re1 Nd4 13. Qf2 Nxf3+ 14. Qxf3
Bf5 15. Na4 Qa5 16. Re2 Rae8 17. Bd2 Qc7 18. Rae1 Qd7 19. Rxe8 Rxe8 20. Rxe8
Qxe8 21. g4 Bd7 22. c4 Qe6 23. h3 h5 24. f5 Qe5 25. Bc3 d4 26. Bd2 Qh2+ 0-1

[Event "CXU Obro Nytaar 2012"]
[Site "Copenhagen"]
[Date "2012.12.29"]
[Round "4"]
[White "Koskela, Niina"]
[Black "Nielsen, Morten Davidsen"]
[Result "1-0"]
[WhiteElo "2211"]
[BlackElo "1943"]
[PlyCount "69"]
[EventDate "2012.??.??"]
[EventType "swiss"]
[EventRounds "7"]

1. e4 Nf6 2. e5 Nd5 3. g3 d6 4. exd6 cxd6 5. Bg2 Nb6 6. d4 d5 7. Nf3 Bg4 8. h3
Bxf3 9. Qxf3 Nc6 10. c3 g6 11. O-O Bg7 12. a4 e6 13. Nd2 O-O 14. a5 Nc8 15. a6
b6 16. b4 Nd6 17. Rd1 Qc8 18. Bf1 Rd8 19. Nb3 Ne4 20. b5 Ne7 21. Ba3 Nf5 22.
Rac1 Bh6 23. Rc2 Qb8 24. c4 Nexg3 25. fxg3 Ne3 26. Bc1 Nxc2 27. Bxh6 f5 28. c5
bxc5 29. Bf4 Qc8 30. dxc5 d4 31. Bg2 Rb8 32. Qc6 Qxc6 33. Bxc6 Rbc8 34. Bb7 e5
35. Bxe5 1-0

[Event "CXU Obro Nytaar 2012"]
[Site "Copenhagen"]
[Date "2012.12.29"]
[Round "4"]
[White "Kirknel, Thomas"]
[Black "Kokholm, Daniel"]
[Result "1-0"]
[WhiteElo "2125"]
[BlackElo "1901"]
[PlyCount "103"]
[EventDate "2012.??.??"]
[EventType "swiss"]
[EventRounds "7"]

1. e4 d6 2. d4 Nf6 3. Nc3 g6 4. Nf3 Bg7 5. Be2 O-O 6. O-O Bg4 7. Be3 Nc6 8. h3
Bxf3 9. Bxf3 e5 10. dxe5 dxe5 11. Be2 Qxd1 12. Rfxd1 Rfd8 13. g3 Nd4 14. Bd3 c6
15. Kg2 b5 16. Rd2 Kf8 17. Rad1 a6 18. f4 Ne8 19. fxe5 Bxe5 20. Bxb5 axb5 21.
Bxd4 Bxd4 22. Rxd4 Rxd4 23. Rxd4 Ke7 24. a4 bxa4 25. Rxa4 Rd8 26. Rc4 Rd2+ 27.
Kf3 Kd7 28. Ne2 Kd6 29. Ke3 Rd1 30. Rd4+ Rxd4 31. Nxd4 c5 32. Nf3 f6 33. Kf4
Nc7 34. g4 Ne6+ 35. Ke3 Kc6 36. h4 Kd6 37. b3 Kc6 38. c3 Kd6 39. g5 Ke7 40. b4
cxb4 41. cxb4 fxg5 42. Nxg5 Nf8 43. Kd4 h6 44. Nf3 Ne6+ 45. Ke5 Nd8 46. Kd5 Ne6
47. b5 Nc7+ 48. Kc6 Nxb5 49. Kxb5 Kf6 50. Kc5 g5 51. hxg5+ hxg5 52. Kd6 1-0

[Event "CXU Obro Nytaar 2012"]
[Site "Copenhagen"]
[Date "2012.12.29"]
[Round "4"]
[White "Vesterli, Michael E"]
[Black "Haubro, Martin"]
[Result "0-1"]
[WhiteElo "1966"]
[BlackElo "2161"]
[PlyCount "148"]
[EventDate "2012.??.??"]
[EventType "swiss"]
[EventRounds "7"]

1. d4 Nf6 2. c4 e6 3. Nf3 b6 4. a3 Bb7 5. Nc3 d5 6. Bg5 Be7 7. e3 Nbd7 8. Be2
h6 9. Bh4 O-O 10. O-O c5 11. Rc1 Rc8 12. Qa4 Bc6 13. Qc2 dxc4 14. Rfd1 Nd5 15.
Bg3 b5 16. dxc5 Bxc5 17. Ne4 Qb6 18. Nxc5 Nxc5 19. Nd4 Bb7 20. b4 cxb3 21. Nxb3
Na4 22. Qd2 Ndc3 23. Re1 Rfd8 24. Nd4 a6 25. Bd3 Qc5 26. Bc2 Qd5 27. f3 e5 28.
Bb3 Qxb3 29. Nxb3 Rxd2 30. Nxd2 Ne2+ 31. Rxe2 Rxc1+ 32. Re1 Rc2 33. Nb3 e4 34.
Nd4 Rc3 35. Bd6 Nb6 36. Kf2 Nc4 37. Bb4 Rd3 38. Nc2 a5 39. Bc5 Rc3 40. Re2 Nb2
41. Bd4 Nd3+ 42. Kg3 Rc4 43. Rd2 b4 44. axb4 axb4 45. Na1 f5 46. Ra2 Rc6 47. f4
Rg6+ 48. Kh3 Bd5 49. Rd2 b3 50. g3 Ra6 51. Kh4 Bf7 52. Kh3 b2 53. Bxb2 Nxb2 54.
Rxb2 Rxa1 55. Rb8+ Kh7 56. Rb7 Bh5 57. Kh4 Bg6 58. Rb3 Rd1 59. Rb2 Rd3 60. Re2
Be8 61. Re1 Ba4 62. Kh3 Bd1 63. Kh4 Kg6 64. h3 Kf6 65. g4 g5+ 66. Kg3 Rd2 67.
gxf5 Kxf5 68. fxg5 hxg5 69. h4 g4 70. h5 Bf3 71. Ra1 Rg2+ 72. Kh4 Rh2+ 73. Kg3
Rh3+ 74. Kf2 g3+ 0-1

[Event "CXU Obro Nytaar 2012"]
[Site "Copenhagen"]
[Date "2012.12.29"]
[Round "4"]
[White "Brondum, Eric"]
[Black "Pedersen, Thomas Vils"]
[Result "1/2-1/2"]
[WhiteElo "2089"]
[BlackElo "2021"]
[PlyCount "54"]
[EventDate "2012.??.??"]
[EventType "swiss"]
[EventRounds "7"]

1. e4 d5 2. exd5 Qxd5 3. Nc3 Qa5 4. d4 Nf6 5. Nf3 c6 6. Bd2 Bf5 7. Ne4 Qc7 8.
Nxf6+ gxf6 9. Be2 e6 10. O-O Nd7 11. Re1 Bd6 12. c4 O-O-O 13. Qa4 Rdg8 14. Qxa7
Bh3 15. Bf1 Bxh2+ 16. Kh1 Bf4 17. Qa5 Qxa5 18. Bxa5 Bg4 19. Be2 Rg6 20. g3 Rhg8
21. Kg2 Bd6 22. Rh1 h5 23. Rae1 f5 24. Nh4 R6g7 25. f3 Bxf3+ 26. Nxf3 Bxg3 27.
Kf1 Rh8 1/2-1/2

[Event "CXU Obro Nytaar 2012"]
[Site "Copenhagen"]
[Date "2012.12.29"]
[Round "4"]
[White "Petersen, Martin Reib"]
[Black "Jorgensen, Mikkel"]
[Result "1/2-1/2"]
[WhiteElo "1949"]
[BlackElo "1726"]
[PlyCount "41"]
[EventDate "2012.??.??"]
[EventType "swiss"]
[EventRounds "7"]

1. e4 d6 2. Nc3 c5 3. b3 Nc6 4. Bb2 Nf6 5. Bb5 Bd7 6. f4 a6 7. Bxc6 Bxc6 8. d3
e6 9. Nf3 b5 10. Qe2 Be7 11. e5 dxe5 12. fxe5 Nd5 13. Ne4 Nf4 14. Qd2 Bxe4 15.
Qxf4 Qa5+ 16. Ke2 Bg6 17. a4 Qd8 18. h4 h5 19. Rag1 Bf5 20. Ng5 Qd5 21. Nf3
1/2-1/2